| 000 | 00653nam a22002057a 4500 | ||
|---|---|---|---|
| 005 | 20150319112824.0 | ||
| 008 | 140714b xxu||||| |||| 00| 0 Urdu d | ||
| 010 | _aUR-8742 | ||
| 020 | q |
_c200.00 _a9789380299084 |
|
| 035 | _aU-7297 | ||
| 037 | _bDBAD/Pub. | ||
| 040 |
_aDPL _bUrdu |
||
| 082 | _a844 | ||
| 100 | _aميمو نہ علی چو گلے | ||
| 245 |
_aفکر و نظر _bميمو نہ علی چو گلے |
||
| 246 |
_aFikr -o- Nazar _bMemoona Ali Chougley |
||
| 260 |
_a2253,Resham Street ,Kucha chelan,Darya Ganj New Delhi _bShaid Publications _c2010 |
||
| 300 |
_a187-ص _b22cm(Pb) |
||
| 942 |
_2ddc _cUR _h844 _mم ے م |
||
| 999 |
_c92321 _d92321 |
||